[Event "61st World Juniors 2024"]
[Site "Gandhinagar IND"]
[Date "2024.06.05"]
[Round "4.58"]
[White "Piyush, Kumar"]
[Black "De Maupeou D'ableiges, Alexandre"]
[Result "1-0"]
[WhiteElo "1795"]
[BlackElo "1831"]
[WhiteFideId "25674927"]
[BlackFideId "4313585"]
[EventDate "2024.06.02"]

1. e4 e5 2. Nf3 Nc6 3. Bc4 Bc5 4. d3 d6 5. c3 Nge7 6. Ng5 Ng6 7. Bxf7+ Kf8 8.
Qh5 Qf6 9. O-O Nf4 10. Bxf4 Qxf4 11. Be6 Ke7 12. g3 Qf6 13. Bxc8 Raxc8 14. Kg2
h6 15. Nh3 g5 16. b4 Bb6 17. Nd2 1-0

[Event "61st World Juniors 2024"]
[Site "Gandhinagar IND"]
[Date "2024.06.05"]
[Round "4.59"]
[White "Makwana, Devam"]
[Black "Vengatesh, Krishnan C"]
[Result "0-1"]
[WhiteElo "1820"]
[BlackElo "1790"]
[WhiteFideId "25632566"]
[BlackFideId "45050457"]
[EventDate "2024.06.02"]

1. b3 d5 2. Bb2 c5 3. e3 Nf6 4. f4 Nc6 5. Bb5 g6 6. Nf3 Bg7 7. O-O O-O 8. Bxc6
bxc6 9. d3 Ba6 10. Ne5 Qc8 11. Qf3 Ng4 12. Nxc6 Qxc6 13. Bxg7 Kxg7 14. Qxg4 c4
15. Nd2 cxd3 16. cxd3 Bxd3 17. Rfd1 Rfc8 18. Nf3 Be2 19. Re1 Qc3 20. Kf2 Bxf3
21. Qxf3 Qb2+ 22. Kg1 e6 23. Reb1 Qc3 24. h4 h5 25. Rc1 Qxc1+ 26. Rxc1 Rxc1+ 27.
Kh2 a5 28. Qe2 Rcc8 29. Qb2+ Kg8 30. Kh3 Rc7 31. g4 Rac8 32. gxh5 gxh5 33. Qe5
Rc3 34. Kg3 Rd3 35. Qxh5 Rxe3+ 36. Kg4 Rec3 37. Kg5 Rg3+ 38. Kf6 Rg6+ 39. Ke7
Rc7+ 40. Kd6 Ra7 41. Qe5 Kh7 42. Qd4 Rb7 43. Qc5 Rb4 44. Qxa5 Rxf4 45. Qd2 Rgf6
46. a4 R6f5 47. a5 Rf2 48. Qd3 Rf3 49. Qd1 Rf1 50. Qd2 R1f2 51. Qb4 d4 52. Qa4
d3 53. b4 d2 54. Qd1 Rf1 55. Qxd2 Rd5+ 56. Qxd5 exd5 57. Kxd5 Ra1 58. Kc6 f5 0-1

[Event "61st World Juniors 2024"]
[Site "Gandhinagar IND"]
[Date "2024.06.05"]
[Round "4.60"]
[White "Mankga, Thabang"]
[Black "Dhairya Amit Shroff"]
[Result "1-0"]
[WhiteElo "1817"]
[BlackElo "1459"]
[WhiteFideId "14334798"]
[BlackFideId "33402094"]
[EventDate "2024.06.02"]

1. d4 Nf6 2. Bf4 g6 3. Nf3 Bg7 4. e3 O-O 5. Be2 d6 6. O-O Nh5 7. Bg3 Nxg3 8.
hxg3 Nd7 9. c3 f5 10. Ng5 Nf6 11. Qb3+ d5 12. c4 e6 13. Nc3 c6 14. cxd5 exd5 15.
Na4 b5 16. Nc5 Qe7 17. Rac1 Ng4 18. Nf3 Bh6 19. Rce1 a5 20. a4 b4 21. Nd3 Bxe3
22. Bd1 Bxf2+ 23. Nxf2 Qd6 24. Nxg4 fxg4 25. Ne5 h5 26. Qc2 Bf5 27. Qxc6 Qxc6
28. Nxc6 Be4 29. Bb3 Kg7 30. Rxf8 Kxf8 31. Rc1 Ke8 32. Rc5 Rc8 33. Bc2 Bf5 34.
Bxf5 gxf5 35. Nxa5 Rxc5 36. dxc5 Kd7 37. Nb3 Kc6 38. Kf2 d4 39. a5 Kb5 40. Nxd4+
Kxc5 41. Nxf5 Kb5 42. b3 Kxa5 43. Ke3 Kb5 44. Kd4 Kb6 45. Ng7 h4 46. gxh4 Kb5
47. h5 Kb6 48. h6 Kb5 49. h7 Kb6 50. h8=Q Kb5 51. Qb8+ Ka5 52. Kc5 Ka6 53. Qa8# 1-0

[Event "61st World Juniors 2024"]
[Site "Gandhinagar IND"]
[Date "2024.06.05"]
[Round "4.61"]
[White "Bedi, Vaibhav"]
[Black "Boricha Yohan"]
[Result "0-1"]
[WhiteElo "1706"]
[BlackElo "1811"]
[WhiteFideId "7501900"]
[BlackFideId "46672923"]
[EventDate "2024.06.02"]

1. e4 c5 2. Nf3 Nc6 3. d4 cxd4 4. Nxd4 g6 5. c4 Nf6 6. Nc3 Nxd4 7. Qxd4 d6 8.
Be2 Bg7 9. Be3 O-O 10. Qd2 Qa5 11. O-O Be6 12. Nd5 Qxd2 13. Bxd2 Nxe4 14. Nxe7+
Kh8 15. Rad1 Bxb2 16. Bb4 a5 17. Bxd6 Nxd6 18. Rxd6 Ba3 19. Nxg6+ hxg6 20. Rd3
Bc5 21. Bf3 Bxc4 22. Rc3 Bxf1 23. Kxf1 Bb4 24. Rc7 Rac8 25. Rxb7 Rc1+ 26. Ke2
Rc2+ 27. Kd3 Rxa2 0-1

[Event "61st World Juniors 2024"]
[Site "Gandhinagar IND"]
[Date "2024.06.06"]
[Round "5.1"]
[White "Cardoso Cardoso, Jose Gabriel"]
[Black "Mayank, Chakraborty"]
[Result "1/2-1/2"]
[WhiteTitle "GM"]
[BlackTitle "IM"]
[WhiteElo "2497"]
[BlackElo "2425"]
[WhiteFideId "4430492"]
[BlackFideId "25659766"]
[EventDate "2024.06.02"]

1. e4 e5 2. Nf3 Nc6 3. Bb5 Nf6 4. O-O Nxe4 5. Re1 Nd6 6. Nxe5 Be7 7. Bf1 Nxe5 8.
Rxe5 O-O 9. d4 Bf6 10. Re1 Re8 11. Nc3 Rxe1 12. Qxe1 Bxd4 13. Bf4 Ne8 14. Nd5 d6
15. Bg5 f6 16. Bh4 g5 17. Qe4 Be5 18. f4 gxh4 19. fxe5 dxe5 20. Bd3 Kf8 21. Rf1
Be6 22. Nxf6 Nxf6 23. Qxe5 Kf7 24. Qh5+ Kg7 25. Qg5+ Kf7 26. Qxh4 h6 27. Qh5+
Ke7 28. Qh4 Kf7 29. Qh5+ Ke7 1/2-1/2

[Event "61st World Juniors 2024"]
[Site "Gandhinagar IND"]
[Date "2024.06.06"]
[Round "5.2"]
[White "Nogerbek, Kazybek"]
[Black "Ilamparthi, A R"]
[Result "1-0"]
[WhiteTitle "IM"]
[BlackTitle "IM"]
[WhiteElo "2502"]
[BlackElo "2446"]
[WhiteFideId "13710427"]
[BlackFideId "45015775"]
[EventDate "2024.06.02"]

1. Nf3 Nf6 2. c4 g6 3. Nc3 Bg7 4. d4 O-O 5. e4 d6 6. Be2 e5 7. O-O exd4 8. Nxd4
Re8 9. f3 c6 10. Kh1 d5 11. cxd5 cxd5 12. Bg5 Nc6 13. Bb5 h6 14. Nxc6 bxc6 15.
Bxc6 hxg5 16. Bxa8 d4 17. Nd5 Ba6 18. Nxf6+ Qxf6 19. Bd5 Bxf1 20. Qxf1 Rc8 21.
Bc4 Qf4 22. b3 Be5 23. g3 Qd2 24. Qg2 Qe3 25. f4 Bg7 26. Rf1 Rc7 27. Qf3 gxf4
28. gxf4 Qxf3+ 29. Rxf3 Bf8 30. Rg3 Kg7 31. Kg2 Be7 32. e5 f6 33. Bd3 fxe5 34.
Rxg6+ Kf7 35. fxe5 Rc3 36. e6+ Kf8 37. Rg3 Bd6 38. Rf3+ Ke7 39. h4 Kxe6 40. h5
Be5 41. h6 Rc1 42. h7 Rd1 43. Bc4+ Kd6 44. Rf5 Rd2+ 45. Kg1 Bg7 46. Rg5 Bh8 47.
Rg8 Be5 48. Rg6+ Kc7 49. Re6 Bh8 50. Re8 Bf6 51. a4 Rd1+ 52. Kg2 d3 53. h8=Q
Bxh8 54. Rxh8 d2 55. Rh7+ Kd8 56. Be2 Re1 57. Kf2 a6 58. Rh6 d1=Q 59. Bxd1 Rxd1
60. Rxa6 Kc7 61. Ra5 Rd3 62. Rb5 Kc6 63. Ke2 Rd4 64. Ke3 Rd1 65. Rb4 Kc5 66.
Rc4+ Kb6 67. Rd4 Rb1 68. Rb4+ Kc5 69. Rb5+ Kc6 70. Kd2 Rh1 71. Kc3 Rh4 72. Rg5
Kb6 73. Kb2 Rf4 74. Ka3 Rf6 75. a5+ Ka6 76. Ka4 Re6 77. b4 Re7 78. Rg6+ Ka7 79.
Rc6 Rh7 80. a6 Rg7 81. Ka5 Rg5+ 82. b5 Rg7 83. b6+ Kb8 84. a7+ Kb7 85. Rc7+ Rxc7
86. bxc7 Kxa7 87. c8=R 1-0

[Event "61st World Juniors 2024"]
[Site "Gandhinagar IND"]
[Date "2024.06.06"]
[Round "5.3"]
[White "Srihari, L"]
[Black "Grebnev, Aleksey"]
[Result "0-1"]
[WhiteTitle "IM"]
[BlackTitle "GM"]
[WhiteElo "2400"]
[BlackElo "2540"]
[WhiteFideId "46642056"]
[BlackFideId "34189030"]
[EventDate "2024.06.02"]

1. e4 c5 2. Nf3 e6 3. d4 cxd4 4. Nxd4 Nc6 5. Nb5 d6 6. c4 Nf6 7. N1c3 a6 8. Na3
Be7 9. Be2 O-O 10. O-O b6 11. Be3 Bb7 12. Rc1 Ne5 13. Qd4 Ned7 14. Rfd1 Re8 15.
b4 a5 16. Nc2 axb4 17. Nxb4 Rc8 18. a3 Nc5 19. f3 Nb3 20. Qxb6 Qxb6 21. Bxb6
Nxc1 22. Rxc1 d5 23. cxd5 exd5 24. Bb5 Bxb4 25. axb4 Bc6 26. Ba6 Rb8 27. Bd4
dxe4 28. b5 Ba8 29. Bxf6 gxf6 30. Nxe4 Bxe4 31. fxe4 Rxe4 32. Rc6 Kg7 33. Rc7
Rb4 34. Rc3 Rd8 35. Rc2 Rb3 36. Kf2 Rd4 37. h3 h5 38. Re2 h4 39. Rc2 Kg6 40. Ke2
Kg5 41. Kf2 Kf4 42. Bb7 Rxb5 43. Bf3 f5 44. Be2 Rbd5 45. Rc3 Rd2 46. Rf3+ Kg5
47. Re3 R5d4 48. Ke1 Rb2 49. Bf3 Ra4 50. Re2 Rxe2+ 51. Kxe2 Kf4 52. Bd5 f6 53.
Kf2 Rd4 54. Bc6 Rd2+ 55. Kf1 Ke5 0-1

[Event "61st World Juniors 2024"]
[Site "Gandhinagar IND"]
[Date "2024.06.06"]
[Round "5.4"]
[White "Pranav, Anand"]
[Black "Anuj, Shrivatri"]
[Result "1-0"]
[WhiteTitle "GM"]
[BlackTitle "IM"]
[WhiteElo "2540"]
[BlackElo "2390"]
[WhiteFideId "46626786"]
[BlackFideId "35070924"]
[EventDate "2024.06.02"]

1. e4 e5 2. Nf3 Nc6 3. Bc4 Nf6 4. d3 Bc5 5. c3 d6 6. Bg5 h6 7. Bh4 a5 8. Nbd2
Ba7 9. a4 Qe7 10. O-O g5 11. Bg3 O-O 12. Re1 Nh7 13. Bb5 h5 14. h4 g4 15. Nh2 f5
16. exf5 Qf6 17. Bc4+ Kh8 18. Ne4 Qxf5 19. Qb3 Qg6 20. Nf1 Rb8 21. Ne3 Ne7 22.
Qb5 Bxe3 23. Rxe3 Nf5 24. Re2 b6 25. Rae1 Bb7 26. Bd5 Bxd5 27. Qxd5 Qf7 28. Qc6
Rbd8 29. Qb5 Qd7 30. Qb3 Qg7 31. Qa3 Rfe8 32. Nd2 Nf6 33. Qb3 Rf8 34. Nf1 Ng8
35. Ne3 Nge7 36. Nxf5 Nxf5 37. Qc4 Qf7 38. Qc6 Qd7 39. Qc4 Qf7 40. Qb5 Qd7 41.
Qb3 Qf7 42. Qd1 Rd7 43. Qd2 Qf6 44. Rxe5 Nxg3 45. Re6 Qf4 46. Qxf4 Rxf4 47. fxg3
Rxa4 48. Rh6+ Rh7 49. Re8+ Kg7 50. Rhe6 Rh6 51. R6e7+ Kf6 52. Rxc7 Ra1+ 53. Kf2
Rd1 54. d4 Kf5 55. Rg7 Rb1 56. d5 Kf6 57. Ree7 Rh8 58. Rgf7+ Kg6 59. Ke3 Rg8 60.
Rf2 Rd1 61. Re6+ Kg7 62. Rxd6 Re8+ 63. Re6 Rc8 64. Rd2 Rb1 65. Kd4 b5 66. d6 b4
67. Re7+ Kf6 68. c4 Rc1 69. Rc7 Rd8 70. Kd5 b3 71. c5 Rc2 72. Rd4 Rxb2 73. Rf4+ 1-0

[Event "61st World Juniors 2024"]
[Site "Gandhinagar IND"]
[Date "2024.06.06"]
[Round "5.5"]
[White "Domalchuk-Jonasson, Aleksandr"]
[Black "Dudin, Gleb"]
[Result "1/2-1/2"]
[WhiteTitle "IM"]
[BlackTitle "GM"]
[WhiteElo "2380"]
[BlackElo "2532"]
[WhiteFideId "14142805"]
[BlackFideId "34184934"]
[EventDate "2024.06.02"]

1. d4 Nf6 2. c4 e6 3. g3 d5 4. Bg2 dxc4 5. Nf3 a6 6. Ne5 Bb4+ 7. Nc3 Nd5 8. Bd2
Nb6 9. Ne4 Be7 10. Qc2 f5 11. Nc3 Qxd4 12. Bf4 Bd6 13. Nf3 Qf6 14. Bg5 Qf7 15.
Rd1 Nc6 16. Be3 Qe7 17. Bg5 Qf7 18. Be3 Be7 19. O-O O-O 20. Nd2 Ne5 21. h3 Nd5
22. Nxc4 Nxe3 23. Nxe3 Rb8 24. Na4 Bf6 25. Rc1 Bd7 26. Nc5 Bc6 27. Rfd1 Bxg2 28.
Nxg2 Rfe8 29. Nf4 Bg5 30. Qb3 Bxf4 31. gxf4 Ng6 32. Rd7 Qf6 33. e3 Nh4 34. Kh1
b6 1/2-1/2

[Event "61st World Juniors 2024"]
[Site "Gandhinagar IND"]
[Date "2024.06.06"]
[Round "5.6"]
[White "Siddharth, Jagadeesh"]
[Black "De Silva, L M S T"]
[Result "0-1"]
[WhiteTitle "IM"]
[BlackTitle "IM"]
[WhiteElo "2525"]
[BlackElo "2364"]
[WhiteFideId "5818320"]
[BlackFideId "9953698"]
[EventDate "2024.06.02"]

1. c4 e6 2. Nc3 d5 3. d4 c5 4. e3 Nf6 5. Nf3 Nc6 6. cxd5 exd5 7. Bb5 cxd4 8.
Nxd4 Bd7 9. O-O Bd6 10. b3 O-O 11. Bb2 Rc8 12. h3 Qe7 13. Nf3 a6 14. Be2 Be6 15.
Bd3 Rfd8 16. Ne2 Ne4 17. Nf4 f6 18. Nxe6 Qxe6 19. Rc1 Qe7 20. Nh4 Be5 21. Nf5
Qe8 22. Ba3 Kh8 23. f4 Bb8 24. Bb2 Ba7 25. Qg4 Qg6 26. Rfd1 Qxg4 27. hxg4 Kg8
28. Kf1 Nd6 29. Ke2 Kf7 30. Kf3 Nxf5 31. Bxf5 Rc7 32. Bxh7 Re7 33. g5 Rxe3+ 34.
Kg4 d4 35. Bd3 fxg5 36. Bxa6 gxf4 37. Rf1 Bb8 38. Bc4+ Kf6 0-1

[Event "61st World Juniors 2024"]
[Site "Gandhinagar IND"]
[Date "2024.06.06"]
[Round "5.7"]
[White "Panda, Sambit"]
[Black "Makarian, Rudik"]
[Result "0-1"]
[WhiteTitle "IM"]
[BlackTitle "IM"]
[WhiteElo "2363"]
[BlackElo "2524"]
[WhiteFideId "25091794"]
[BlackFideId "44105681"]
[EventDate "2024.06.02"]

1. Nf3 d5 2. d4 Nf6 3. c4 e6 4. Nc3 dxc4 5. e3 a6 6. a4 b6 7. Bxc4 Bb7 8. O-O c5
9. Qe2 Qc7 10. Rd1 Nbd7 11. d5 exd5 12. Nxd5 Nxd5 13. e4 N5f6 14. e5 Ne4 15.
Bxf7+ Kxf7 16. e6+ Kxe6 17. Ng5+ Ke7 18. Qc4 Nd6 19. Rxd6 Qxd6 20. Qf7+ Kd8 21.
Ne6+ Qxe6 22. Qxe6 Be7 23. Be3 Rc8 24. Rd1 Bc6 25. a5 b5 26. b4 Rf8 27. bxc5 Rf6
28. Qg8+ Bf8 29. Bg5 Kc7 30. Bxf6 Nxf6 31. Qf7+ Nd7 32. h4 h6 33. h5 Rd8 34. Rd6
b4 35. Qf4 Bxd6 36. cxd6+ Kc8 37. Qxb4 Nb8 38. Qg4+ Rd7 39. f4 Bb5 40. Qe6 Nc6
41. Qd5 Kb8 42. f5 Nxa5 43. f6 gxf6 44. Qd2 Nc6 45. Qxh6 Rxd6 46. Qg7 Bd3 47. h6
a5 48. h7 Bxh7 49. Qxh7 Nd8 50. Qe7 Nb7 51. Kf2 Ka7 52. Qe3+ Ka6 53. Qe2+ Kb6
54. Qb2+ Kc7 55. Qb5 Rb6 56. Qc4+ Rc6 57. Qb5 Rc5 58. Qa6 Nd6 59. Qa7+ Kc6 60.
Qa8+ Kc7 61. Qa7+ Nb7 62. Qa6 Rf5+ 63. Ke3 Nd6 64. Qa7+ Kc6 65. Qa8+ Kd7 66. Kd3
Rg5 67. Qa7+ Ke6 68. Qe3+ Kf7 69. Qa7+ Kg6 70. Qa8 Kg7 71. Kc2 Nf7 72. Kb3 Re5
73. Ka4 Ng5 74. Qb7+ Kg6 75. Qc8 Ne6 76. Qe8+ Kg5 77. Qg8+ Kf4 78. Qg6 f5 79.
Qh6+ Ke4 80. Qh4+ Kd3 81. Qg3+ Re3 82. Qg6 Re4+ 83. Kxa5 Nd4 84. Qh5 Rg4 85. Kb6
Ke4 86. Qe8+ Kf4 87. Qb8+ Ke3 88. Kc5 Kf2 89. Kd5 Kxg2 90. Qb2+ Kg3 91. Qb8+ Kh3
92. Qh8+ Kg2 93. Qh5 Kg3 94. Ke5 Re4+ 95. Kd5 Rh4 96. Qg5+ Rg4 97. Qh5 Nc2 98.
Qh7 Ne3+ 99. Ke5 f4 100. Ke4 Nd1 101. Qc7 Nf2+ 102. Kf5 Rh4 103. Kg5 Nh3+ 104.
Kf5 Rh5+ 105. Ke4 Nf2+ 106. Kd4 Rh4 107. Kc3 Kg2 108. Qd8 Rg4 109. Qa8+ f3 110.
Qa2 Kg3 111. Qa1 Kg2 112. Qa2 Re4 113. Qa8 Kg3 114. Qb8+ Rf4 115. Kd2 Ng4 116.
Qb3 Rd4+ 117. Ke1 Re4+ 118. Kd1 Nf2+ 119. Kd2 Re2+ 120. Kc1 Re1+ 121. Kd2 Re2+
122. Kc1 Ne4 123. Qg8+ Kf2 124. Qg4 Re1+ 125. Kc2 Ng3 126. Kd2 Re2+ 127. Kd3 Kg2
128. Qa4 f2 129. Qa8+ Re4 130. Qa2 Re7 131. Qc2 Kf3 132. Qc5 0-1

[Event "61st World Juniors 2024"]
[Site "Gandhinagar IND"]
[Date "2024.06.06"]
[Round "5.8"]
[White "Subelj, Jan"]
[Black "Sanket, Chakravarty"]
[Result "1/2-1/2"]
[WhiteTitle "GM"]
[BlackTitle "IM"]
[WhiteElo "2514"]
[BlackElo "2357"]
[WhiteFideId "14618583"]
[BlackFideId "25032038"]
[EventDate "2024.06.02"]

1. d4 d5 2. c4 e6 3. Nc3 Nf6 4. cxd5 exd5 5. Bg5 c6 6. e3 h6 7. Bh4 Nbd7 8. Bd3
Be7 9. Nge2 O-O 10. Qc2 Re8 11. O-O a5 12. f3 b5 13. Bf2 Ba6 14. a3 b4 15. Bxa6
Rxa6 16. axb4 Bxb4 17. Nf4 Bd6 18. Rae1 Qb8 19. g3 Rc8 20. Qd2 Rb6 21. Re2 Bxf4
22. exf4 Ne8 23. Na4 Rb3 24. Re7 Nef6 25. Re3 Rxe3 26. Bxe3 Nb6 27. Nxb6 Qxb6
28. Ra1 Ne8 29. Qc3 Nd6 30. Bf2 Rb8 31. Rxa5 Nc4 32. Rc5 Qa6 33. b3 Qa3 34. Rxc6
Rxb3 35. Qe1 Qa8 36. Rc7 Rb7 37. Rxb7 Qxb7 38. Kg2 g6 39. Qe2 Qb1 40. g4 Kg7 41.
Qe7 1/2-1/2

[Event "61st World Juniors 2024"]
[Site "Gandhinagar IND"]
[Date "2024.06.06"]
[Round "5.9"]
[White "Ayush, Sharma"]
[Black "Ohanyan, Emin"]
[Result "1/2-1/2"]
[WhiteTitle "IM"]
[BlackTitle "GM"]
[WhiteElo "2325"]
[BlackElo "2501"]
[WhiteFideId "45010943"]
[BlackFideId "13312022"]
[EventDate "2024.06.02"]

1. e4 e5 2. Nf3 Nc6 3. Bb5 a6 4. Ba4 Nf6 5. O-O Nxe4 6. d4 Be7 7. Re1 b5 8. Bb3
d5 9. dxe5 Be6 10. c3 Nc5 11. Bc2 Bg4 12. h3 Bh5 13. b4 Ne6 14. a4 Rb8 15. axb5
axb5 16. Nbd2 O-O 17. Nb3 Qd7 18. Bf5 Bxf3 19. Qxf3 g6 20. Bd3 f6 21. exf6 Bxf6
22. Bh6 Bxc3 23. Bxf8 Rxf8 24. Qe3 Bxe1 25. Rxe1 Ncd8 26. Nc5 Nxc5 27. Qxc5 Ne6
28. Qxb5 Qf7 29. Kh1 Nf4 30. Bf1 Nh5 31. Rd1 Qxf2 32. Qxd5+ Kg7 33. Qe5+ Kh6 34.
Kh2 Rf3 35. Qe1 Qxe1 36. Rxe1 Rc3 37. b5 Ng3 38. Rd1 Kg5 39. Bd3 Nh5 40. Be4 Nf6
41. Bc6 Re3 42. Ra1 Re5 43. Ra5 Rc5 44. Ra7 Nd5 45. Bxd5 Rxd5 46. Rxc7 Rxb5 47.
Rxh7 Kf6 48. h4 Rh5 49. Rxh5 gxh5 50. Kg3 1/2-1/2

[Event "61st World Juniors 2024"]
[Site "Gandhinagar IND"]
[Date "2024.06.06"]
[Round "5.10"]
[White "Koelle, Tobias"]
[Black "Avinash, Ramesh"]
[Result "1/2-1/2"]
[WhiteTitle "IM"]
[BlackTitle "IM"]
[WhiteElo "2470"]
[BlackElo "2252"]
[WhiteFideId "16207378"]
[BlackFideId "45018340"]
[EventDate "2024.06.02"]

1. d4 Nf6 2. Nf3 g6 3. c4 Bg7 4. Nc3 d5 5. cxd5 Nxd5 6. e4 Nxc3 7. bxc3 c5 8. h3
O-O 9. Be2 b6 10. Be3 Bb7 11. Qd3 Qc8 12. O-O Ba6 13. Qd2 Bxe2 14. Qxe2 Qa6 15.
Qd2 cxd4 16. cxd4 Nc6 17. Bh6 Qa5 18. Qe3 Rac8 19. Bxg7 Kxg7 20. d5 Nb4 21. Qf4
Nd3 22. Qh4 Rfe8 23. Rad1 Qc3 24. Qg3 f6 25. Qg4 Ne5 26. Nxe5 Qxe5 27. Rfe1 Red8
28. f4 Qc3 29. e5 Rc7 30. Kh2 Rcd7 31. d6 exd6 32. Qe6 fxe5 33. fxe5 Rf7 34.
exd6 Qf6 35. Qd5 Qf5 36. Re5 Qf6 37. Re6 Qf5 38. Qd4+ Kg8 39. Re7 Qf4+ 40. Qxf4
Rxf4 41. Rxa7 Rf6 42. Rc1 Rfxd6 43. Rcc7 h5 44. Kg3 Rf6 45. Kh4 Rd5 46. Rc8+ Rf8
47. Rc6 Rf4+ 48. Kg3 g5 49. Rxb6 h4+ 50. Kh2 Rf7 51. Rg6+ Kf8 52. Ra8+ Ke7 53.
a4 Rf1 54. Ra7+ Kf8 55. Rb6 Kg8 56. a5 Rf7 57. Ra8+ Kg7 58. a6 Ra5 59. Rb7 Kf6
60. Rxf7+ Kxf7 61. Kg1 Ra2 62. Kf1 Kg7 63. a7 Kh7 64. Ke1 g4 65. hxg4 Kg7 66.
Kd1 Kh7 67. Kc1 Kg7 68. Kb1 Ra5 69. Kb2 Ra6 70. Kb3 Ra1 71. Kb4 Rb1+ 72. Kc4
Rc1+ 73. Kd5 Rd1+ 74. Ke6 Ra1 75. Kf5 Ra5+ 76. Kf4 Kh7 77. g5 Ra4+ 78. Kf5 Kg7
79. g6 Ra5+ 80. Kg4 Ra4+ 81. Kg5 Ra5+ 82. Kxh4 Ra4+ 83. Kh3 Ra3+ 84. g3 Ra4 85.
g4 Ra3+ 86. Kh4 Ra5 87. g5 Ra1 88. Re8 Rxa7 89. Kh5 Rb7 90. Re1 Ra7 91. Rf1 Ra2
92. Rf7+ Kg8 93. Rf4 Kg7 94. Rf7+ Kg8 95. Rf3 Kg7 96. Rf4 Rh2+ 97. Rh4 Rxh4+ 98.
Kxh4 Kxg6 99. Kg4 Kg7 100. Kf5 Kf7 101. g6+ Kg7 102. Kg5 Kg8 103. Kh6 Kh8 104.
g7+ Kg8 105. Kg6 1/2-1/2

[Event "61st World Juniors 2024"]
[Site "Gandhinagar IND"]
[Date "2024.06.06"]
[Round "5.11"]
[White "Adireddy, Arjun"]
[Black "Samant, Aditya S"]
[Result "1/2-1/2"]
[WhiteTitle "FM"]
[BlackTitle "GM"]
[WhiteElo "2306"]
[BlackElo "2469"]
[WhiteFideId "25647709"]
[BlackFideId "35080580"]
[EventDate "2024.06.02"]

1. e4 c5 2. Nf3 d6 3. d4 cxd4 4. Nxd4 Nf6 5. Nc3 Nc6 6. Bg5 e6 7. Qd2 a6 8.
O-O-O Be7 9. f3 Nxd4 10. Qxd4 b5 11. Kb1 Bb7 12. Be2 O-O 13. g4 Qc7 14. Bxf6
Bxf6 15. Qxd6 Qc8 16. Rd3 Rd8 17. Qb6 Rxd3 18. Bxd3 Be7 19. Rd1 Bc5 20. Qa5 Qb8
21. Bf1 Bc6 22. Ne2 Bb6 23. Qc3 Qc7 24. Nd4 Rd8 25. Rd3 Bb7 26. Qxc7 Bxc7 27. h3
Kf8 28. Ne2 Ke7 29. Kc1 f5 30. Rxd8 Bxd8 31. exf5 exf5 32. Nd4 fxg4 33. fxg4 Kf6
34. Kd2 Ke5 35. c3 Bg5+ 36. Ke2 Bc1 37. b3 Be4 38. Nf3+ Kf4 39. Nd4 Ke5 40. Nf3+
Kf4 41. Nd2 Bc2 42. c4 bxc4 43. Nxc4 Kg3 44. b4 Ba4 45. Nd6 Ba3 46. Nf5+ Kf4 47.
Nxg7 Bxb4 1/2-1/2

[Event "61st World Juniors 2024"]
[Site "Gandhinagar IND"]
[Date "2024.06.06"]
[Round "5.12"]
[White "Budisavljevic, Luka"]
[Black "Pawar, Harshit"]
[Result "1/2-1/2"]
[WhiteTitle "GM"]
[WhiteElo "2468"]
[BlackElo "2132"]
[WhiteFideId "960047"]
[BlackFideId "366130595"]
[EventDate "2024.06.02"]

1. e4 e6 2. d4 d5 3. Nd2 c5 4. exd5 Qxd5 5. Ngf3 cxd4 6. Bc4 Qd7 7. O-O Nc6 8.
Nb3 Nf6 9. Nbxd4 Nxd4 10. Qxd4 Qxd4 11. Nxd4 Bd7 12. Be2 Rc8 13. Bf3 Bc5 14. Rd1
b6 15. c3 Ke7 16. Bf4 Bxd4 17. Rxd4 Bc6 18. Bd6+ Ke8 19. Bxc6+ Rxc6 20. Rad1 Nd5
21. Bg3 b5 22. a4 a6 23. axb5 axb5 24. Ra1 Ke7 25. Be5 Rhc8 26. Bxg7 b4 27. cxb4
Rc1+ 28. Rd1 Rxd1+ 29. Rxd1 f6 30. Bh6 Rc2 31. Rb1 Nxb4 32. Be3 e5 33. h4 h5 34.
b3 Ke6 35. Bh6 Kf7 36. g3 Ke7 37. Kg2 Ke6 38. Kf1 Kf5 39. Rd1 e4 40. Be3 Rb2 41.
Rd6 Nc2 42. Bh6 Ke5 43. Bf4+ Kf5 44. Bh6 Ke5 45. Bf4+ Kf5 46. Bh6 1/2-1/2

[Event "61st World Juniors 2024"]
[Site "Gandhinagar IND"]
[Date "2024.06.06"]
[Round "5.13"]
[White "Kalyani Sirin"]
[Black "Fromm, Marius"]
[Result "0-1"]
[WhiteTitle "WFM"]
[BlackTitle "IM"]
[WhiteElo "2163"]
[BlackElo "2465"]
[WhiteFideId "33323500"]
[BlackFideId "12993190"]
[EventDate "2024.06.02"]

1. e4 e6 2. d4 d5 3. e5 c5 4. c3 Nc6 5. Nf3 Bd7 6. Be2 f6 7. O-O fxe5 8. Nxe5
Nxe5 9. dxe5 Qc7 10. Re1 O-O-O 11. c4 Qxe5 12. Nc3 Nf6 13. g3 Qf5 14. Bf3 dxc4
15. Qe2 Bd6 16. Ne4 Bc6 17. Nxd6+ Rxd6 18. Bxc6 Rxc6 19. Bf4 Rd8 20. Rac1 g5 21.
Be5 Ng4 22. Rxc4 Nxe5 23. Qxe5 Qxe5 24. Rxe5 Rd5 25. Rxd5 exd5 26. Rg4 h6 27. h4
d4 28. hxg5 d3 29. Kf1 Re6 30. Rc4 d2 31. Rxc5+ Kb8 32. Rd5 Re1+ 33. Kg2 d1=Q
34. Rxd1 Rxd1 35. gxh6 Rd6 36. g4 Rxh6 37. g5 Rg6 38. f4 Kc7 39. Kf3 Kd6 40. Kg4
Rg8 41. Kh5 Ke6 42. Kh6 Kf5 43. Kh7 Rg6 44. b4 b5 45. a3 a6 0-1

[Event "61st World Juniors 2024"]
[Site "Gandhinagar IND"]
[Date "2024.06.06"]
[Round "5.14"]
[White "Quizon, Daniel"]
[Black "Aswath, S"]
[Result "1-0"]
[WhiteTitle "IM"]
[BlackTitle "IM"]
[WhiteElo "2448"]
[BlackElo "2352"]
[WhiteFideId "5217911"]
[BlackFideId "46694919"]
[EventDate "2024.06.02"]

1. e4 e5 2. Nf3 Nc6 3. Bb5 a6 4. Ba4 Nf6 5. d3 b5 6. Bb3 Bc5 7. c3 d6 8. h3 h6
9. O-O O-O 10. Re1 Re8 11. Nbd2 Be6 12. Nf1 d5 13. exd5 Bxd5 14. Be3 Bf8 15. Ng3
g6 16. c4 bxc4 17. dxc4 Bxf3 18. Qxf3 e4 19. Qd1 Qe7 20. c5 Ne5 21. Bd4 Rad8 22.
Nxe4 Bg7 23. Kh1 Nh5 24. Nc3 Qg5 25. Re4 Nf4 26. Qf1 Ned3 27. Rxe8+ Rxe8 28. Be3
Bxc3 29. bxc3 Nxc5 30. Rd1 Qf5 31. Qc4 Nce6 32. Qc6 Re7 33. Qxa6 Qe4 34. Qf1 c6
35. Kh2 Kh7 36. g3 Nd5 37. Bxd5 cxd5 38. Qd3 Qe5 39. a4 Rc7 40. Qxd5 Qxc3 41.
Rc1 Qf6 42. Rxc7 Nxc7 43. Qd7 Ne6 44. Qd5 Ng5 45. Kg2 Ne6 46. a5 g5 47. Qe4+ Qg6
48. Qxg6+ Kxg6 49. Bb6 1-0

[Event "61st World Juniors 2024"]
[Site "Gandhinagar IND"]
[Date "2024.06.06"]
[Round "5.15"]
[White "Gubatayev, Ahmet"]
[Black "Prraneeth, Vuppala"]
[Result "0-1"]
[BlackTitle "GM"]
[WhiteElo "2055"]
[BlackElo "2436"]
[WhiteFideId "14004526"]
[BlackFideId "46622373"]
[EventDate "2024.06.02"]

1. d4 d5 2. c4 e6 3. Nc3 Bb4 4. Nf3 dxc4 5. g3 c5 6. dxc5 Qxd1+ 7. Kxd1 Nf6 8.
e3 Bxc5 9. Bxc4 a6 10. a4 b6 11. Ke2 Bb7 12. Rd1 Nbd7 13. Bd3 Rc8 14. Bd2 Ke7
15. h3 h6 16. Rab1 Rhd8 17. Be1 Bb4 18. Rbc1 g5 19. Bc2 Bd6 20. e4 Bb4 21. Nd5+
Nxd5 22. exd5 Bxe1 23. d6+ Kf6 24. Nxe1 Bd5 25. Bd3 Rxc1 26. Rxc1 Nc5 27. b4
Nxd3 28. Nxd3 Rxd6 29. Ke3 e5 30. a5 e4 31. Nb2 b5 32. Kd4 Bb7+ 33. Ke3 Ke5 34.
Rc5+ Bd5 35. g4 Rc6 36. Rxc6 Bxc6 37. f3 Bd5 38. fxe4 Bxe4 39. Nd1 f5 40. gxf5
Bxf5 0-1